000
00224nam a22000857a 4500
008
170603b xxu||||| |||| 00| 0 eng d
100
_9
3220
_a
Gupta. S
245
_a
Towards Moral Glowth
260
_a
New Delhi
_b
Asha Publication
_c
2005
999
_c
6533
_d
6533